| 000 | 00423nam a22001697a 4500 | ||
|---|---|---|---|
| 005 | 20230605210247.0 | ||
| 008 | 230605b |||||||| |||| 00| 0 eng d | ||
| 020 | _a9781259098598 | ||
| 082 |
_a621.31924 _bALE-F |
||
| 100 | _aAlexander.K Charles | ||
| 245 | _aFundamentals of Electric Circuit | ||
| 250 | _a5th | ||
| 260 |
_aIndia _bMc GraW Hill |
||
| 650 | _aEngineering | ||
| 700 | _aAlxander K.Charles | ||
| 999 |
_c18594 _d18594 |
||